| 000 | 01299nam a22003497a 4500 | ||
|---|---|---|---|
| 003 | CHAP | ||
| 005 | 20220329135544.0 | ||
| 008 | 971013s1979 r 00010 d | ||
| 010 | _a38444 | ||
| 011 | _a39416 | ||
| 035 | _a43536 | ||
| 040 | _cCHAP | ||
| 090 | _aTesis | ||
| 100 | 0 | 0 |
_aOlvera Gamboa, José de Jesús. _983233 |
| 245 |
_aEstudio edafológico y clasificación de suelos en la planicie del municipio de Villa Arriaga, S. L. P. _b: aspectos agrícolas y agrostológicos |
||
| 260 |
_aSan Luis Potosí : _bEl autor, _c1979 |
||
| 300 |
_a60 h. _b: ilus. ; gráfs |
||
| 502 | _aTesis (Ing. Agr. Fitotecnia) -- Universidad Autónoma de San Luis Potosí. Escuela de Agronomía | ||
| 590 |
_aALEPH _b10 _c20130110 _lUCH01 _h1304 |
||
| 590 |
_aBATCH-UPD _b10 _c20130110 _lUCH01 _h0140 |
||
| 590 |
_aBATCH-UPD _b10 _c20130110 _lUCH01 _h1915 |
||
| 590 |
_aBATCH-UPD _b10 _c20130409 _lUCH01 _h2137 |
||
| 590 |
_aBATCH-UPD _b10 _c20130410 _lUCH01 _h1241 |
||
| 590 |
_aBATCH-UPD _b10 _c20130914 _lUCH01 _h1850 |
||
| 590 |
_aCONVERSION _b10 _c20130109 _lUCH01 _h1321 |
||
| 650 | 1 | 4 |
_aSuelos agrícolas. _9110531 |
| 650 | 1 | 4 |
_aSuelos _xClasificación _xSan Luis Potosí. _9110259 |
| 650 | 1 | 4 |
_aSuelos _xSan Luis Potosí. _9110478 |
| 901 | _aBK | ||
| 942 | _cTESIS | ||
| 949 |
_bBC _cTES _d-99667 _eTS1 _i43536 _si |
||
| 999 |
_c38444 _d38444 |
||